000
00265nam a22001097a 4500
008
160622b xxu||||| |||| 00| 0 eng d
100
_9
439
_a
Cameron, E,
245
_a
Julia's Magic
260
_a
New York
_b
E.P Dutton
_c
1984
300
_a
Julia's Magic
942
_2
ddc
_c
BK
999
_c
364
_d
364